La dama y el vagabundo : (Registro nro. 12677)

Detalles MARC
000 -LIDER
fixed length control field 00827nam a22002537a 4500
003 - IDENTIFICACDOR DE NÚMERO DE CONTROL
control field DO-SdBNP
005 - DATE AND TIME OF LATEST TRANSACTION
control field 20180216144503.0
008 - ELEMENTOS DE LONGITUD FIJA
fixed length control field 161031b 1993 sp a 00| 0 spa d
020 ## - ISBN
International Standard Book Number 8477587051 (O.C.)
020 ## - ISBN
International Standard Book Number 8477587159 (Dama)
040 ## - FUENTE DE CATALOGACIÓN
Agencia que crea de manera original el registro BPMSU
Idioma de catalogación spa
Agencia que realiza la transcripción BPMSU
082 ## - NÚMERO DE CLASIFICACIÓN DECIMAL DE DEWEY
Classification number xxxx
Item number xxx
110 ## - ASIENTO PRINCIPAL--NOMBRE CORPORATIVO
Nombre corporativo o de jurisdicción Walt Disney Company
245 03 - MENCIÓN DE TITULO
Título La dama y el vagabundo :
Subtítulo disney
Mención de responsabilidad Walt Disney Company
260 ## - PUBLICACIÓN, DISTRIBUCIÓN, ETC. (PIE DE IMPRENTA)
Lugar de publicación, distribución, etc Madrid, España :
Nombre del editor, distribuidor, etc. The Walt Disney company,
-- Club Internacional del Libro,
Fecha de publicación, distribución, etc 1993.
300 ## - DESCRIPCIÓN FÍSICA
Extensión (32) p. :
Otros detalles físicos il. ;
Dimensiones 25 cm.
490 1# - MENCIÓN DE SERIES
Mención de serie Audiocuentos Disney para siempre
500 ## - NOTA GENERAL
Nota general El texto resume la narración de la cassette
500 ## - NOTA GENERAL
Nota general Libro de pasta dura
830 #0 - ASIENTO SECUNDARIO DE SERIE--TÍTULO UNIFORME
Título uniforme Audiocuentos Disney para siempre
942 ## - ADDED ENTRY ELEMENTS (KOHA)
Source of classification or shelving scheme Dewey Decimal Classification
Koha item type Libros
945 ## - INFORMACIÓN DE PROCESAMIENTO LOCAL
Información de procesamiento local Inventariado, 2018/ YL
956 ## - LOCAL ELECTRONIC LOCATION AND ACCESS (OCLC)
Nombre de host YLOCKWARD
Número de acceso 10
Información de compresión BPMSU
Existencias
Withdrawn status Lost status Source of classification or shelving scheme Damaged status Not for loan Collection code Home library Current library Date acquired Source of acquisition Total Checkouts Full call number Barcode Date last seen Price effective from Koha item type
    Dewey Decimal Classification     Colección Infantil General Biblioteca Pública Metropolitana Salomé Ureña Biblioteca Pública Metropolitana Salomé Ureña 10/23/2017 Sin sellar   xxxx xxx BPMSU17100128 10/23/2017 10/23/2017 Libros